00756nac a22001931u 4500020002200000082001600022090001300038100003400051245015500085260004600240300003700286500002000323650002300343700001900366700001800385942001800403999001300421952012800434 a1928994741 (pbk.) a005.8bS599 c563d563 a20080729  aCheckpoint NG :bnext generation security adminstration/cDrew Simonis ... [et al.] ; Cherie Amon, technical editor ; Allen Keele, technical reviewer. aLondon :b International Thomson,cc2002. axxviii, 627 p. :bill. ;c24 cm. aIncludes index. aComputer security. aSimonis, Drew. aAmon, Cherie. cBBk005.8S599 c563d563 00102ddc40708 aMAINbMAINcLOWd2006-07-18epurchaseg250.00l0o005.8 CHEp000004054r2025-07-15 00:00:00v312.50yBB